[Event "World School-ch U13"]
[Site "Rhodes"]
[Date "2023.04.21"]
[Round "8"]
[White "Mamedov, Edgar"]
[Black "Ozbulbul, Dikran"]
[Result "1-0"]
[WhiteElo "2248"]
[BlackElo "1615"]
[PlyCount "57"]
[EventDate "2023.04.14"]
[EventType "swiss"]
[EventRounds "9"]
[EventCountry "GRE"]
[SourceTitle "EXT 2024"]
[Source "ChessBase"]
[SourceDate "2023.10.10"]
[SourceVersion "1"]
[SourceVersionDate "2023.10.10"]
[SourceQuality "1"]

1. d4 Nf6 2. Bg5 e6 3. e4 h6 4. Bxf6 Qxf6 5. c3 d6 6. Bd3 g6 7. Ne2 Bg7 8. 0-0 Nc6 9. f4 Bd7 10. Nd2 Qe7 11. e5 0-0-0 12. Nc4 Be8 13. Qc2 f5 14. b4 g5 15. b5 Nb8 16. a4 Bd7 17. b6 axb6 18. exd6 cxd6 19. Nxb6+ Kc7 20. Qb3 Bc6 21. Rab1 Nd7 22. c4 gxf4 23. Nxd7 Rxd7 24. d5 exd5 25. cxd5 Qe3+ 26. Kh1 Bxa4 27. Qxa4 Qxd3 28. Nxf4 Qa6 29. Ne6+ 1-0